| 000 | 00708nam a2200217 a 4500 | ||
|---|---|---|---|
| 001 | 001186997 | ||
| 003 | AM-YeHGA | ||
| 005 | 20250617152803.0 | ||
| 008 | 161103s1906 gw a r 000 0 ger d | ||
| 040 | _aAM-YeHGA | ||
| 041 | 0 | _ager | |
| 245 | 0 | 0 |
_aMinerva : _bJahrbuch der gelehrten Welt / _cHerausgegeben von K. Trubner. |
| 260 |
_aStrassburg : _bK. J. Trübner, _c1906. |
||
| 300 |
_av. : _bFronts.(ports.). |
||
| 505 | 1 | 0 |
_gJg. 15 (1906, 1493 p.): _t1905-1906/ _rK. Trubner(Hrsg.) |
| 650 | 1 | 4 |
_aUniversities and colleges _vPeriodicals |
| 650 | 1 | 4 |
_aLearned institutions and societies _vPeriodicals |
| 650 | 1 | 4 |
_aUniversities and colleges _vPeriodicals |
| 700 | 1 |
_aTrubner, K. _4edt |
|
| 090 | _c379644 | ||
| 999 |
_c377732 _d377732 |
||